[Event "BL 9091 München 36-Sindelfingen"]
[Site "?"]
[Date "1991.??.??"]
[Round "?.3"]
[White "Marinkovic, I."]
[Black "Espig, L."]
[Result "1/2-1/2"]
[WhiteElo "2455"]
[BlackElo "2440"]
[PlyCount "152"]
[EventDate "1991.??.??"]

1. e4 c5 2. Nf3 e6 3. Nc3 d6 4. d4 cxd4 5. Nxd4 Nf6 6. g3 Nc6 7. Bg2 Bd7 8. O-O
Be7 9. Nxc6 Bxc6 10. a4 O-O 11. Qe2 Qc7 12. Nb5 Qb8 13. Rd1 Rd8 14. Bf4 a6 15.
Nd4 Be8 16. c4 Nd7 17. a5 Qc7 18. Be3 Rac8 19. Rdc1 Bf6 20. Ra3 Be7 21. Ra2 Qb8
22. h3 Rc7 23. b3 g6 24. Nc2 Rdc8 25. Rd1 Nc5 26. Ra3 Nd7 27. Raa1 Nc5 28. Rab1
Bc6 29. Bd4 e5 30. Ba1 b6 31. b4 Nd7 32. axb6 Qxb6 33. Ne3 Ba8 34. h4 Bf8 35.
Qd3 h5 36. Bf1 Bh6 37. Nd5 Bxd5 38. Qxd5 Bf8 39. Re1 Nf6 40. Qd2 Qc6 41. Bd3
Ng4 42. Qa2 Ra8 43. Bc3 Rcc8 44. Ra1 Be7 45. Kg2 Bd8 46. Qa4 Qb7 47. Re2 Bb6
48. Be1 Bd4 49. Ra3 Ra7 50. Rea2 Qe7 51. Qd1 Rca8 52. Qe2 Qc7 53. Ra5 Bb6 54.
R5a4 Bd4 55. R2a3 Kg7 56. Qa2 Qb7 57. Qc2 Qc7 58. Qe2 Qe7 59. Bb1 Qc7 60. Ba2
Nf6 61. Bd2 Qb7 62. f3 Qc7 63. Bb1 Nd7 64. Bd3 Nb6 65. Ra5 Nd7 66. Qe1 Bb6 67.
R5a4 Bd4 68. Ra2 Nb6 69. Ra5 Nd7 70. R5a3 Nb6 71. Rc2 Nd7 72. Bf1 Qb7 73. Qc1
Rc8 74. Be1 Qc7 75. Ra5 Bb6 76. Rd5 Nf6 1/2-1/2

[Event "BL 9091 München 36-Sindelfingen"]
[Site "?"]
[Date "1991.??.??"]
[Round "?.4"]
[White "Gruenberg, HU."]
[Black "Kraut, R."]
[Result "1-0"]
[WhiteElo "2485"]
[BlackElo "2425"]
[PlyCount "59"]
[EventDate "1991.??.??"]

1. d4 Nf6 2. c4 g6 3. Nc3 d5 4. cxd5 Nxd5 5. e4 Nb6 6. h3 Bg7 7. Nf3 O-O 8. Be2
Nc6 9. Be3 e5 10. d5 Ne7 11. O-O f5 12. Bc5 h6 13. d6 cxd6 14. Qxd6 Qxd6 15.
Bxd6 fxe4 16. Nxe4 Rf4 17. Bxe7 Rxe4 18. Bd3 Rf4 19. Bxg6 Bxh3 20. gxh3 Rxf3
21. Rad1 Bf8 22. Be4 Rf7 23. Bxf8 Raxf8 24. Rd6 Rg7+ 25. Kh2 Rf4 26. f3 Nc4 27.
Rd8+ Kf7 28. Rc1 Ke7 29. Rd3 Nxb2 30. Rb3 1-0

[Event "BL 9091 München 36-Sindelfingen"]
[Site "?"]
[Date "1991.??.??"]
[Round "?.5"]
[White "Luther, T."]
[Black "Enders, P."]
[Result "0-1"]
[WhiteElo "2470"]
[BlackElo "2495"]
[PlyCount "76"]
[EventDate "1991.??.??"]

1. e4 c5 2. Nf3 e6 3. d4 cxd4 4. Nxd4 Nf6 5. Nc3 d6 6. g4 Be7 7. g5 Nfd7 8. Rg1
Nc6 9. Be3 O-O 10. Qe2 Nxd4 11. Bxd4 Ne5 12. Be3 b5 13. Nxb5 Rb8 14. f4 Ba6 15.
a4 Nc6 16. Qd2 d5 17. exd5 exd5 18. Nd4 Qc8 19. Nxc6 Qxc6 20. Bxa6 Qxa6 21. Bd4
Rfc8 22. Rg3 Bc5 23. Bxc5 Rxc5 24. O-O-O Qxa4 25. Ra3 Qc6 26. Kb1 h6 27. gxh6
Qxh6 28. Qd4 Rcb5 29. b3 a5 30. Rg1 Rb4 31. Qe5 R4b5 32. Rxa5 Rxa5 33. Qxb8+
Kh7 34. Qe5 Ra8 35. Qxd5 Qa6 36. Qe5 Qa2+ 37. Kc1 Qa1+ 38. Kd2 Rd8+ 0-1

[Event "BL 9091 München 36-Sindelfingen"]
[Site "?"]
[Date "1991.??.??"]
[Round "?.6"]
[White "Bastian, H."]
[Black "Bialas, W."]
[Result "1-0"]
[WhiteElo "2335"]
[BlackElo "2360"]
[PlyCount "57"]
[EventDate "1991.??.??"]

1. e4 g6 2. d4 Bg7 3. c3 d6 4. Bd3 b6 5. Nf3 Bb7 6. O-O Nd7 7. Re1 e5 8. dxe5
dxe5 9. Bb5 a6 10. Ba4 b5 11. Bc2 Ngf6 12. Nbd2 O-O 13. a4 Re8 14. Qe2 c6 15.
Nb3 Qc7 16. h3 Rab8 17. Nh2 c5 18. axb5 axb5 19. c4 bxc4 20. Qxc4 Bc6 21. Ng4
Nxg4 22. hxg4 Bf8 23. Qc3 Rb4 24. Nd2 Nf6 25. g5 Nh5 26. Nc4 Ng7 27. Ne3 Nh5
28. Ng4 Nf4 29. Nf6+ 1-0

[Event "BL 9091 München 36-Sindelfingen"]
[Site "?"]
[Date "1991.??.??"]
[Round "?.8"]
[White "Reich, T."]
[Black "Eppinger, G."]
[Result "0-1"]
[WhiteElo "2410"]
[BlackElo "2275"]
[PlyCount "110"]
[EventDate "1991.??.??"]

1. c4 Nf6 2. Nf3 d6 3. d4 Bg4 4. h3 Bxf3 5. exf3 e6 6. d5 exd5 7. cxd5 c6 8.
Nc3 Be7 9. Bd3 Nbd7 10. O-O O-O 11. Be3 Nb6 12. dxc6 bxc6 13. Rc1 c5 14. Ne4
Rc8 15. Nxf6+ Bxf6 16. b3 Qd7 17. Qd2 Be7 18. Ba6 Rc7 19. Bf4 Qc6 20. Qd3 Rd8
21. Rfd1 Nd5 22. Bd2 Rb8 23. a3 Rd7 24. Bc4 Nc7 25. Qf5 d5 26. Bf4 g6 27. Qg4
h5 28. Qg3 dxc4 29. Rxd7 Qxd7 30. Bxc7 Rc8 31. Be5 cxb3 32. Bc3 Bd6 33. Qg5 Qf5
34. Qxf5 gxf5 35. Kf1 c4 36. a4 f6 37. Bxf6 Ba3 38. Rb1 Rc6 39. Bc3 Rd6 40. Ke2
Re6+ 41. Kd2 Rd6+ 42. Ke2 Re6+ 43. Kd2 Bc5 44. f4 Re4 45. f3 Be3+ 46. Kd1 Re7
47. Be5 Rd7+ 48. Ke2 Rd3 49. g4 Bd4 50. Bxd4 Rxd4 51. Rd1 b2 52. Rxd4 b1=Q 53.
Rxc4 Qa2+ 54. Kd3 Qb3+ 55. Kd4 Qxf3 0-1

[Event "BL 9091 HSK-Bielefeld"]
[Site "?"]
[Date "1991.??.??"]
[Round "?.1"]
[White "Dokhoian, Y."]
[Black "Wahls, M."]
[Result "1/2-1/2"]
[WhiteElo "2540"]
[BlackElo "2560"]
[PlyCount "90"]
[EventDate "1991.??.??"]

1. d4 Nf6 2. Nf3 g6 3. c4 Bg7 4. Nc3 O-O 5. e4 d6 6. Be2 e5 7. O-O Nc6 8. d5
Ne7 9. Nd2 c5 10. Rb1 b6 11. b4 Ne8 12. bxc5 bxc5 13. Nb3 f5 14. Bg5 h6 15.
Bxe7 Qxe7 16. Na5 Nf6 17. Nc6 Qe8 18. Bd3 f4 19. Nb5 Qd7 20. f3 g5 21. Qe1 Ne8
22. Qa5 Bf6 23. Nbxa7 Rf7 24. Qb5 Bb7 25. Rb2 Rg7 26. Be2 h5 27. Rfb1 Bxc6 28.
Nxc6 g4 29. Qb3 Bh4 30. Qd3 Qf7 31. a3 Nf6 32. Rb8+ Rxb8 33. Rxb8+ Kh7 34. a4
gxf3 35. Bxf3 Ng4 36. Bxg4 hxg4 37. g3 Qh5 38. a5 f3 39. a6 Bxg3 40. hxg3 f2+
41. Kxf2 Rf7+ 42. Kg1 Rf3 43. Rb7+ Kg6 44. Ne7+ Kf6 45. Ng8+ Kg6 1/2-1/2

[Event "BL 9091 HSK-Bielefeld"]
[Site "?"]
[Date "1991.??.??"]
[Round "?.2"]
[White "Brunner, L."]
[Black "Glek, I."]
[Result "1/2-1/2"]
[WhiteElo "2460"]
[BlackElo "2540"]
[PlyCount "116"]
[EventDate "1991.??.??"]

1. e4 e6 2. d4 d5 3. Nc3 Nf6 4. Bg5 Bb4 5. e5 h6 6. Bd2 Bxc3 7. bxc3 Ne4 8. Qg4
g6 9. Bd3 Nxd2 10. Kxd2 c5 11. Nf3 Nc6 12. h4 Qa5 13. Qf4 cxd4 14. Nxd4 Nxd4
15. Qxd4 Bd7 16. Rab1 b6 17. Qb4 Qxb4 18. cxb4 a6 19. Rhc1 Bb5 20. c4 dxc4 21.
Bxc4 O-O 22. Ke3 Rfd8 23. Rb3 g5 24. hxg5 hxg5 25. g3 Kg7 26. f4 Kg6 27. Bd3+
Bxd3 28. Rxd3 Rxd3+ 29. Kxd3 a5 30. b5 Rd8+ 31. Ke3 Rh8 32. Rc6 Rh2 33. Rxb6
Rxa2 34. fxg5 Rb2 35. Rb7 a4 36. b6 a3 37. Ra7 a2 38. b7 Rb3+ 39. Ke4 Rb4+ 40.
Ke3 Rxb7 41. Rxa2 Kxg5 42. Kf3 Rb3+ 43. Kg2 Re3 44. Ra7 Kg6 45. Ra5 Re1 46. Kf2
Rh1 47. Ra4 Rh5 48. Re4 Rf5+ 49. Kg2 Kg7 50. g4 Rg5 51. Kf3 Rg6 52. Ra4 Rh6 53.
Ra8 Rh3+ 54. Kf4 Rh1 55. Rb8 Rf1+ 56. Kg3 Ra1 57. Kf4 Ra4+ 58. Kf3 Ra3+ 1/2-1/2

[Event "BL 9091 HSK-Bielefeld"]
[Site "?"]
[Date "1991.??.??"]
[Round "?.3"]
[White "Pieper Emden, C."]
[Black "Maus, So"]
[Result "1-0"]
[WhiteElo "2405"]
[BlackElo "2400"]
[PlyCount "79"]
[EventDate "1991.??.??"]

1. d4 Nf6 2. c4 c5 3. Nf3 cxd4 4. Nxd4 b6 5. f3 Bb7 6. e4 d6 7. Nc3 e6 8. Be3
Nbd7 9. Qd2 a6 10. Rc1 Be7 11. Bd3 Rc8 12. O-O O-O 13. b3 Re8 14. Bb1 Bf8 15.
Kh1 Qc7 16. Qf2 Qb8 17. Rfe1 Ba8 18. Qh4 Ne5 19. Qh3 Ng6 20. g4 Nd7 21. g5 Nde5
22. a4 Nc6 23. Qg3 Nb4 24. f4 e5 25. Nde2 exf4 26. Nxf4 b5 27. axb5 axb5 28.
Nxg6 hxg6 29. cxb5 Qb7 30. Bd4 Qd7 31. Re3 Qe6 32. Qh4 f5 33. gxf6 gxf6 34. Rg1
g5 35. Rxg5+ fxg5 36. Qxg5+ Kh7 37. Kg1 Rxc3 38. Bxc3 Qg6 39. Rh3+ Bh6 40.
Rxh6+ 1-0

[Event "BL 9091 HSK-Bielefeld"]
[Site "?"]
[Date "1991.??.??"]
[Round "?.4"]
[White "Mueller, Ka"]
[Black "Gruen, G."]
[Result "1/2-1/2"]
[WhiteElo "2425"]
[BlackElo "2360"]
[PlyCount "123"]
[EventDate "1991.??.??"]

1. e4 e5 2. Nf3 Nc6 3. d4 exd4 4. Nxd4 Bc5 5. Nb3 Bb6 6. Nc3 d6 7. a4 a6 8. Nd5
Ba7 9. Bd3 Nge7 10. Bg5 h6 11. Bh4 Be6 12. O-O Bxd5 13. exd5 Ne5 14. Kh1 Qd7
15. Bxe7 Qxe7 16. f4 Nxd3 17. Qxd3 O-O 18. Rae1 Qf6 19. c3 Rfe8 20. Re4 Re7 21.
Rfe1 Rae8 22. Nd2 Qf5 23. Qf3 Rxe4 24. Rxe4 Rxe4 25. Qxe4 Qxe4 26. Nxe4 f5 27.
Ng3 g6 28. Ne2 Kf7 29. g3 c6 30. c4 cxd5 31. cxd5 Ke7 32. Kg2 Kd7 33. Nc1 Bd4
34. b4 Kc7 35. Nd3 Kb6 36. Kf3 Kc7 37. h3 h5 38. g4 Kd7 39. Kg3 Bf6 40. Ne1 Bc3
41. Nc2 hxg4 42. hxg4 Bd2 43. gxf5 gxf5 44. Kf3 Kc7 45. b5 axb5 46. axb5 Kb6
47. Nd4 Bb4 48. Nxf5 Kxb5 49. Ke4 Kc5 50. Ne3 Bd2 51. Ng4 b5 52. f5 b4 53. f6
Bc3 54. f7 Bg7 55. Ne3 b3 56. Kd3 b2 57. Kc2 Bf8 58. Kxb2 Kd4 59. Ng2 Kxd5 60.
Nf4+ Ke5 61. Ng6+ Kf6 62. Nxf8 1/2-1/2

[Event "BL 9091 HSK-Bielefeld"]
[Site "?"]
[Date "1991.??.??"]
[Round "?.5"]
[White "Panzer, P."]
[Black "Wegner, H."]
[Result "1/2-1/2"]
[WhiteElo "2285"]
[BlackElo "2435"]
[PlyCount "106"]
[EventDate "1991.??.??"]

1. d4 Nf6 2. c4 c5 3. d5 b5 4. cxb5 a6 5. bxa6 g6 6. Nc3 Bxa6 7. Nf3 d6 8. g3
Bg7 9. Bg2 Nbd7 10. O-O Nb6 11. Re1 O-O 12. Nd2 Qc7 13. Rb1 Qb7 14. b3 Nfxd5
15. Nxd5 Nxd5 16. Nf1 Nc3 17. Bxb7 Bxb7 18. Qd2 Nxb1 19. Qe3 Rfe8 20. a4 Rab8
21. Bd2 Nxd2 22. Nxd2 Bd5 23. Qd3 Be6 24. Rc1 Rb4 25. Rc2 Reb8 26. a5 Ra8 27.
Ra2 d5 28. a6 c4 29. bxc4 dxc4 30. Qe4 Ra7 31. Qe3 c3 32. Qxa7 Bxa2 33. Nf1 c2
34. Qe3 Bd4 35. Qc1 Rc4 36. Ne3 Bxe3 37. fxe3 Rc8 38. e4 f5 39. a7 Bb3 40. Kf2
fxe4 41. Ke3 Ba4 42. Kxe4 Ra8 43. Qe3 Rxa7 44. Qc5 Ra5 45. Qc8+ Kf7 46. Qc4+
Kf6 47. Qd4+ Ke6 48. Qc4+ Kd6 49. Qb4+ Rc5 50. Qd4+ Kc6 51. Qxa4+ Kb6 52. Qb4+
Kc6 53. Qa4+ Kb6 1/2-1/2

[Event "BL 9091 HSK-Bielefeld"]
[Site "?"]
[Date "1991.??.??"]
[Round "?.6"]
[White "Michaelsen, N."]
[Black "Beilfuss, W."]
[Result "1-0"]
[WhiteElo "2315"]
[BlackElo "2220"]
[PlyCount "113"]
[EventDate "1991.??.??"]

1. d4 Nf6 2. c4 e6 3. Nc3 Bb4 4. Qc2 c5 5. dxc5 Qc7 6. Nf3 Bxc5 7. Bg5 Be7 8.
e3 a6 9. Be2 d6 10. O-O Nbd7 11. Rfd1 b6 12. Rd2 Bb7 13. Rad1 O-O 14. Bf4 Ne5
15. Nxe5 dxe5 16. Bg5 Rfd8 17. a3 Rxd2 18. Rxd2 Rc8 19. Qd1 Bc6 20. Bf1 Qb7 21.
a4 h6 22. Bh4 Be8 23. h3 Bc6 24. Bg3 Qc7 25. Bh4 Qb7 26. Rd3 Be8 27. b3 Kf8 28.
Qa1 Rd8 29. Rxd8 Bxd8 30. Bg3 Nd7 31. Be2 Be7 32. Bf3 Qc7 33. Qb1 Kg8 34. Qe4
Qb8 35. Qc2 Qc7 36. Be2 Nf8 37. Qe4 f6 38. Qa8 Bg6 39. Qxa6 Bc2 40. Qb5 Qd8 41.
Bg4 Qd3 42. Qe8 Qxc3 43. Qxe7 Qxb3 44. Bh5 Qb1+ 45. Kh2 Bg6 46. Bxg6 Qxg6 47.
Qb7 Qc2 48. Qxb6 Qxa4 49. c5 Qc4 50. c6 Ng6 51. Qd8+ Kf7 52. c7 Ne7 53. f3 Qc5
54. Qd7 h5 55. Be1 Kf8 56. e4 Qc4 57. Qd6 1-0

[Event "BL 9091 HSK-Bielefeld"]
[Site "?"]
[Date "1991.??.??"]
[Round "?.7"]
[White "Geveke, M."]
[Black "Sievers, S."]
[Result "1-0"]
[WhiteElo "2320"]
[BlackElo "2330"]
[PlyCount "81"]
[EventDate "1991.??.??"]

1. Nf3 c5 2. c4 Nc6 3. g3 g6 4. Bg2 Bg7 5. O-O e6 6. Nc3 Nge7 7. d3 d5 8. Bf4
d4 9. Ne4 e5 10. Bg5 h6 11. Bf6 Bxf6 12. Nxf6+ Kf8 13. e3 Be6 14. exd4 exd4 15.
Nd2 Kg7 16. Nde4 Rc8 17. Qd2 b6 18. Qf4 Ng8 19. Nxg8 Rxg8 20. g4 Rc7 21. Rae1
Rf8 22. h4 Bc8 23. g5 hxg5 24. hxg5 Bf5 25. Qg3 Bxe4 26. Rxe4 Rh8 27. Rfe1 Rd7
28. R4e2 Nb4 29. a3 Na6 30. Bc6 Rh5 31. Bxd7 Qxd7 32. Re7 Qf5 33. Qe5+ Qxe5 34.
R1xe5 Rh3 35. Rxa7 Nb8 36. Ree7 Rf3 37. Kg2 Rf5 38. Rac7 Rxg5+ 39. Kf1 Rf5 40.
Rc8 Kf6 41. Ra7 1-0

[Event "BL 9091 Tegel-Delmenhorst"]
[Site "?"]
[Date "1991.??.??"]
[Round "?.1"]
[White "Hausner, I."]
[Black "Tomczak, R."]
[Result "1/2-1/2"]
[WhiteElo "2445"]
[BlackElo "2310"]
[PlyCount "108"]
[EventDate "1991.??.??"]

1. d4 Nf6 2. c4 e6 3. g3 c5 4. Nf3 cxd4 5. Nxd4 Nc6 6. Bg2 Qb6 7. Nb3 Ne5 8.
Qc2 Qb4+ 9. N1d2 d5 10. cxd5 Nxd5 11. O-O Bd7 12. Qe4 Qxe4 13. Nxe4 Bb5 14. Nd4
Bd7 15. b3 Be7 16. Bb2 Ng4 17. Rac1 O-O 18. Nc5 Bc8 19. Nd3 Rd8 20. h3 Ngf6 21.
Ne5 Nd7 22. Nc4 N7b6 23. Nxb6 axb6 24. a4 Bf6 25. Rfd1 Bd7 26. e4 Nb4 27. Ba3
Na2 28. Rc2 Be8 29. Rxa2 Rxd4 30. Rad2 Rxd2 31. Rxd2 b5 32. e5 Bxe5 33. Bxb7
Rb8 34. Bf3 bxa4 35. bxa4 Bxa4 36. Be7 g6 37. Rd8+ Rxd8 38. Bxd8 Bd4 39. h4 h5
40. g4 hxg4 41. Bxg4 f5 42. Be2 Be8 43. Bg5 Kg7 44. Kg2 e5 45. Bd1 e4 46. Be2
Be5 47. f3 Bd4 48. fxe4 fxe4 49. Kg3 Be5+ 50. Kf2 Bb2 51. Bd1 Bd4+ 52. Be3
Bxe3+ 53. Kxe3 Bc6 54. Kf4 Kh6 1/2-1/2

[Event "BL 9091 Tegel-Delmenhorst"]
[Site "?"]
[Date "1991.??.??"]
[Round "?.2"]
[White "Lorenz, S."]
[Black "Armas, I."]
[Result "0-1"]
[WhiteElo "2310"]
[BlackElo "2450"]
[PlyCount "98"]
[EventDate "1991.??.??"]

1. Nf3 Nf6 2. g3 b5 3. Bg2 Bb7 4. O-O c5 5. c3 e6 6. Qb3 a6 7. d3 Nc6 8. Bg5
Be7 9. Nbd2 d6 10. a4 Na5 11. Qc2 b4 12. Nb3 O-O 13. cxb4 cxb4 14. Nxa5 Qxa5
15. Bd2 Rab8 16. Rfc1 Rfc8 17. Qb3 Qd8 18. Rxc8 Qxc8 19. Rc1 Qe8 20. Nd4 d5 21.
a5 Ba8 22. Qc2 Bd6 23. Bf4 e5 24. Nf5 Bf8 25. Bg5 Nd7 26. Qc7 h6 27. Be3 Qe6
28. Bh3 Kh7 29. g4 g6 30. Nxh6 d4 31. Bd2 Bd6 32. Qa7 e4 33. Qxd4 Be5 34. Qe3
Bxb2 35. Rc4 exd3 36. Qxe6 fxe6 37. exd3 Bc3 38. Bc1 Kg7 39. Rc7 Rd8 40. Bg5
Bf6 41. Bxf6+ Kxf6 42. g5+ Ke7 43. Rc2 b3 44. Re2 Nc5 45. Ng4 Rxd3 46. Ne3 Bf3
47. Rb2 Na4 48. Rb1 Nc3 49. Rb2 Ne2+ 0-1

[Event "BL 9091 Tegel-Delmenhorst"]
[Site "?"]
[Date "1991.??.??"]
[Round "?.3"]
[White "Hermann, Man"]
[Black "Rabiega, R."]
[Result "1/2-1/2"]
[WhiteElo "2385"]
[BlackElo "2325"]
[PlyCount "43"]
[EventDate "1991.??.??"]

1. d4 d5 2. Nf3 Nf6 3. e3 Bf5 4. c4 e6 5. Qb3 Qc8 6. Nc3 c6 7. Bd2 h6 8. Rc1
Be7 9. Ne5 Nbd7 10. f4 O-O 11. Be2 Ne4 12. Nxe4 Bxe4 13. O-O Nxe5 14. fxe5 Qd7
15. Bd3 Bxd3 16. Qxd3 f6 17. exf6 Bxf6 18. b3 Bg5 19. Bb4 Be7 20. Bc3 Rxf1+ 21.
Rxf1 Rf8 22. Rxf8+ 1/2-1/2

[Event "BL 9091 Tegel-Delmenhorst"]
[Site "?"]
[Date "1991.??.??"]
[Round "?.4"]
[White "Hargens, T."]
[Black "Borik, O."]
[Result "0-1"]
[WhiteElo "2255"]
[BlackElo "2375"]
[PlyCount "80"]
[EventDate "1991.??.??"]

1. e4 g6 2. d4 Bg7 3. Nc3 d6 4. Be3 a6 5. Qd2 b5 6. h4 h5 7. Nh3 Nf6 8. f3 Bxh3
9. Rxh3 Nbd7 10. a4 b4 11. Nd1 a5 12. Nf2 O-O 13. g4 c5 14. d5 Rc8 15. Ba6 Rc7
16. Bh6 hxg4 17. fxg4 Ne5 18. h5 Nexg4 19. Nxg4 Nxg4 20. Bxg7 Kxg7 21. Qg5 Nf6
22. hxg6 Rh8 23. gxf7+ Kxf7 24. Rf3 Qg8 25. Qe3 Rh5 26. O-O-O Qg5 27. Rf4 Rh3
28. Qf2 Qg3 29. Qf1 Rh2 30. Bc4 Rh4 31. Rxh4 Qxh4 32. Re1 Qg5+ 33. Kb1 Qe5 34.
Qg2 Rc8 35. Rf1 Rg8 36. Qe2 Rg5 37. Bb3 Kg7 38. Qb5 Qxe4 39. Bc4 Qd4 40. Bd3
Nxd5 0-1

[Event "BL 9091 Tegel-Delmenhorst"]
[Site "?"]
[Date "1991.??.??"]
[Round "?.5"]
[White "Schlemermeyer, W."]
[Black "Sperlich, O."]
[Result "1/2-1/2"]
[WhiteElo "2330"]
[BlackElo "2280"]
[PlyCount "91"]
[EventDate "1991.??.??"]

1. Nf3 g6 2. d4 Bg7 3. g3 d6 4. Bg2 e5 5. dxe5 dxe5 6. Qxd8+ Kxd8 7. Nc3 f6 8.
b3 Nh6 9. Bb2 c6 10. h3 Be6 11. O-O-O+ Kc7 12. Ne4 Nd7 13. Rd2 Nf7 14. Rhd1
Rad8 15. h4 Rhe8 16. Ba3 Bf8 17. Bxf8 Rxf8 18. Ng1 h6 19. Bh3 Bxh3 20. Nxh3 f5
21. Nd6 Nf6 22. Nxf7 Rxd2 23. Kxd2 Rxf7 24. f3 Rd7+ 25. Kc1 Nd5 26. Kb2 b5 27.
a3 a5 28. e4 fxe4 29. fxe4 Nf6 30. Rxd7+ Kxd7 31. Nf2 Nh5 32. Nh1 Ng7 33. b4 a4
34. c3 Ne8 35. Nf2 Nd6 36. Ka2 Nc4 37. Nd3 Kd6 38. Nc5 Nd2 39. Kb2 h5 40. Kc2
Nf1 41. Kd1 Ne3+ 42. Kc1 Nc4 43. Nb7+ Kd7 44. Nc5+ Ke7 45. Nb7 Ke8 46. Na5
1/2-1/2

[Event "BL 9091 Tegel-Delmenhorst"]
[Site "?"]
[Date "1991.??.??"]
[Round "?.6"]
[White "Giemsa, S."]
[Black "Wesseln, K."]
[Result "1/2-1/2"]
[WhiteElo "2240"]
[BlackElo "2360"]
[PlyCount "82"]
[EventDate "1991.??.??"]

1. Nf3 c5 2. c4 g6 3. Nc3 Bg7 4. g3 Nc6 5. Bg2 Nf6 6. O-O O-O 7. d4 cxd4 8.
Nxd4 Ng4 9. e3 d6 10. Nce2 Nge5 11. b3 Bg4 12. f3 Bd7 13. Bb2 Qb6 14. Qd2 Nb4
15. f4 Ned3 16. Bc3 e5 17. a3 exd4 18. Nxd4 a5 19. axb4 axb4 20. Qxd3 bxc3 21.
Qxc3 Rfe8 22. Kh1 Bc6 23. Rfe1 h5 24. h4 Bxg2+ 25. Kxg2 Rxa1 26. Rxa1 Qc6+ 27.
Kf2 Qe4 28. Qd2 Bxd4 29. exd4 Qf5 30. Re1 Rxe1 31. Kxe1 Qb1+ 32. Qd1 Qb2 33.
Kf1 b6 34. d5 Qh2 35. Qf3 Qc2 36. Qe3 Qd1+ 37. Kg2 Qc2+ 38. Kf1 Qd1+ 39. Kf2
Qc2+ 40. Kg1 Qd1+ 41. Kh2 Qc2+ 1/2-1/2

[Event "BL 9091 Tegel-Delmenhorst"]
[Site "?"]
[Date "1991.??.??"]
[Round "?.7"]
[White "Derikum, A."]
[Black "Urban, J."]
[Result "1/2-1/2"]
[WhiteElo "2320"]
[BlackElo "2330"]
[PlyCount "96"]
[EventDate "1991.??.??"]

1. c4 g6 2. Nc3 Bg7 3. g3 e5 4. Bg2 Nc6 5. Nf3 Nf6 6. O-O O-O 7. d4 d6 8. dxe5
dxe5 9. Bg5 Be6 10. Qa4 Qb8 11. Rad1 Nd7 12. Qc2 h6 13. Bc1 Bf5 14. Qd2 Re8 15.
Nd5 Nd4 16. b3 Bg4 17. Bb2 c6 18. Ne3 Nxf3+ 19. Bxf3 Bxf3 20. exf3 Nc5 21. Rfe1
Qc7 22. Ng2 Ne6 23. Qd7 Qxd7 24. Rxd7 Nc5 25. Rd2 Rad8 26. Red1 Ne6 27. Rxd8
Rxd8 28. Rxd8+ Nxd8 29. Kf1 Ne6 30. Ke2 f5 31. Ne1 g5 32. h3 Nc5 33. Ba3 Ne6
34. Bb2 c5 35. Ke3 Nd4 36. g4 e4 37. fxe4 f4+ 38. Kd3 Nc6 39. Bc3 Bd4 40. Bxd4
Nxd4 41. e5 Kf7 42. Ke4 Ke6 43. Nd3 b6 44. b4 Ne2 45. bxc5 Nc3+ 46. Kd4 Ne2+
47. Ke4 Nc3+ 48. Kd4 Ne2+ 1/2-1/2

[Event "BL 9091 Bielefeld-Tegel"]
[Site "?"]
[Date "1991.??.??"]
[Round "?.1"]
[White "Tomczak, R."]
[Black "Dokhoian, Y."]
[Result "1/2-1/2"]
[WhiteElo "2310"]
[BlackElo "2540"]
[PlyCount "89"]
[EventDate "1991.??.??"]

1. e4 e6 2. d4 d5 3. Nc3 Nf6 4. Bg5 Bb4 5. e5 h6 6. Bd2 Bxc3 7. bxc3 Ne4 8. Qg4
g6 9. Bd3 Nxd2 10. Kxd2 c5 11. Nf3 Nc6 12. h4 Qa5 13. Qf4 cxd4 14. Nxd4 Nxd4
15. Qxd4 Bd7 16. Rab1 b6 17. Qb4 Qxb4 18. cxb4 a6 19. c4 dxc4 20. Bxc4 Bb5 21.
Rbc1 O-O 22. Kc3 Rac8 23. Kb3 Bxc4+ 24. Rxc4 Rxc4 25. Kxc4 Rd8 26. Kc3 Kg7 27.
Rh3 Rd1 28. Rd3 Rc1+ 29. Kd4 Rc2 30. Ra3 a5 31. bxa5 bxa5 32. Ke3 Rc5 33. Kd4
Rb5 34. Ra4 g5 35. hxg5 hxg5 36. Ke4 Kg6 37. g4 Rc5 38. Kd4 Rb5 39. Ke4 Rd5 40.
f3 Rc5 41. Kd4 Rb5 42. Rc4 Rd5+ 43. Ke4 Rd2 44. Ra4 Rd5 45. Rc4 1/2-1/2

[Event "BL 9091 Bielefeld-Tegel"]
[Site "?"]
[Date "1991.??.??"]
[Round "?.3"]
[White "Rabiega, R."]
[Black "Pieper Emden, C."]
[Result "1-0"]
[WhiteElo "2325"]
[BlackElo "2405"]
[PlyCount "117"]
[EventDate "1991.??.??"]

1. e4 c5 2. c3 d6 3. d4 Nf6 4. Bd3 Nc6 5. Nf3 e6 6. O-O Be7 7. Re1 cxd4 8. cxd4
a6 9. a3 d5 10. e5 Nd7 11. Qc2 h6 12. Be3 Nb6 13. Qe2 Bd7 14. Nfd2 Na7 15. Nc3
Na4 16. Nxa4 Bxa4 17. Qg4 g6 18. Nb1 Bb5 19. Qe2 Rc8 20. Nc3 Bxd3 21. Qxd3 Qd7
22. Qd2 h5 23. Bh6 Rc4 24. Bg7 Rg8 25. Qh6 Bf8 26. Bxf8 Rxf8 27. Qe3 Nb5 28.
Ne2 Qe7 29. Rac1 Nc7 30. Rxc4 dxc4 31. Qc3 b5 32. Qa5 Kd7 33. Nc3 Kc6 34. Ne4
Rd8 35. Nd6 Rxd6 36. exd6 Qxd6 37. Qc3 Nd5 38. Qd2 Qf4 39. Qa5 Kb7 40. a4 b4
41. Qc5 Qc7 42. Qf8 Kb6 43. Rc1 c3 44. bxc3 bxc3 45. g3 Ka5 46. h4 Kxa4 47.
Ra1+ Kb5 48. Qe8+ Kc4 49. Rxa6 Kxd4 50. Ra4+ Ke5 51. Ra1 Qb7 52. Re1+ Kf5 53.
Qh8 f6 54. Qe8 Qa6 55. Qb8 Qc4 56. Qd6 Nb4 57. Rxe6 c2 58. Rxf6+ Kg4 59. Rf4+
1-0

[Event "BL 9091 Bielefeld-Tegel"]
[Site "?"]
[Date "1991.??.??"]
[Round "?.4"]
[White "Gruen, G."]
[Black "Hargens, T."]
[Result "0-1"]
[WhiteElo "2360"]
[BlackElo "2255"]
[PlyCount "82"]
[EventDate "1991.??.??"]

1. d4 c5 2. d5 Nf6 3. Nf3 b5 4. Bg5 Qb6 5. Bxf6 Qxf6 6. e4 Qb6 7. a4 bxa4 8.
Nc3 d6 9. Bb5+ Bd7 10. Qd3 g6 11. e5 Bg7 12. e6 fxe6 13. dxe6 Bxb5 14. Qxb5+
Nc6 15. Qxa4 Rc8 16. Nd5 Qb7 17. O-O O-O 18. Qa6 Qb8 19. c3 Rf5 20. Rfd1 Bf8
21. Qd3 Qb7 22. Ra4 Qxb2 23. Ne3 Ne5 24. Nxe5 Qxf2+ 25. Kh1 Rxe5 26. Re4 Rxe4
27. Qxe4 Qe2 28. Qb7 Re8 29. Qf3 Qxf3 30. gxf3 Rb8 31. Nd5 Rb7 32. Kg2 Bg7 33.
Ra1 Kf8 34. Ra6 Bf6 35. Rc6 Kg7 36. Rc8 Rb2+ 37. Kg3 Rd2 38. c4 Rd4 39. Rc7
Rxc4 40. Rxa7 Rc2 41. Kh3 Re2 0-1

[Event "BL 9091 Bielefeld-Tegel"]
[Site "?"]
[Date "1991.??.??"]
[Round "?.5"]
[White "Sperlich, O."]
[Black "Panzer, P."]
[Result "0-1"]
[WhiteElo "2280"]
[BlackElo "2285"]
[PlyCount "72"]
[EventDate "1991.??.??"]

1. g3 g6 2. Bg2 Bg7 3. Nf3 c5 4. d3 Nc6 5. O-O e6 6. Nbd2 Nge7 7. e4 O-O 8. Re1
d6 9. a4 Rb8 10. Nc4 b6 11. h4 a6 12. e5 dxe5 13. Ncxe5 Bb7 14. Bf4 Nxe5 15.
Bxe5 Bxf3 16. Qxf3 Bxe5 17. Rxe5 Nf5 18. c3 Qd6 19. Rae1 Rbd8 20. Bf1 h6 21. h5
Ne7 22. Qg4 g5 23. f4 Nc6 24. R5e3 f5 25. Qe2 e5 26. fxe5 Qe6 27. Bg2 Ne7 28.
Rd1 f4 29. gxf4 gxf4 30. Bh3 Qf7 31. Re4 f3 32. Qf2 Qxh5 33. Kh2 Kh8 34. e6 Rg8
35. Qh4 Rd5 36. Qxe7 Rg2+ 0-1

[Event "BL 9091 Bielefeld-Tegel"]
[Site "?"]
[Date "1991.??.??"]
[Round "?.6"]
[White "Beilfuss, W."]
[Black "Giemsa, S."]
[Result "0-1"]
[WhiteElo "2220"]
[BlackElo "2240"]
[PlyCount "54"]
[EventDate "1991.??.??"]

1. d4 Nf6 2. c4 g6 3. Nc3 d5 4. Nf3 Bg7 5. Bg5 Ne4 6. Bh4 Nxc3 7. bxc3 dxc4 8.
Qa4+ Nd7 9. e3 O-O 10. Bxc4 Nb6 11. Qb3 Nxc4 12. Qxc4 b6 13. O-O Bb7 14. Qe2 c5
15. Rfd1 cxd4 16. cxd4 Qd7 17. a4 Rfc8 18. a5 b5 19. a6 Bxf3 20. Qxf3 Rab8 21.
Rdc1 Bf8 22. h3 b4 23. Qd1 b3 24. Rxc8 Qxc8 25. Rb1 b2 26. Qd3 Qc1+ 27. Kh2 Rc8
0-1

[Event "BL 9091 Bielefeld-Tegel"]
[Site "?"]
[Date "1991.??.??"]
[Round "?.7"]
[White "Urban, J."]
[Black "Geveke, M."]
[Result "1/2-1/2"]
[WhiteElo "2330"]
[BlackElo "2320"]
[PlyCount "108"]
[EventDate "1991.??.??"]

1. Nf3 g6 2. g3 Bg7 3. Bg2 c5 4. O-O Nc6 5. d3 d5 6. Nbd2 Nf6 7. e4 O-O 8. c3
b6 9. Re1 Qc7 10. Qa4 e6 11. exd5 Nxd5 12. Qh4 Qd8 13. Qe4 Bb7 14. a4 Na5 15.
Qe2 Qc7 16. Ra3 Rad8 17. Nc4 Nc6 18. Rb3 Ba6 19. h4 Rfe8 20. h5 e5 21. hxg6
hxg6 22. Ng5 f6 23. Ne4 f5 24. Ng5 e4 25. dxe4 Bxc4 26. Qxc4 Na5 27. Qf1 Nxb3
28. exd5 Rxe1 29. Qxe1 Qe5 30. Be3 Rxd5 31. Qe2 Na5 32. Bxd5+ Qxd5 33. Bf4 Qd7
34. b4 cxb4 35. cxb4 Nc6 36. Qc4+ Kh8 37. Bd6 Nd4 38. Qd5 Qc6 39. Qxc6 Nxc6 40.
b5 Nd4 41. Kf1 Bf6 42. Nf7+ Kg8 43. Ne5 Bxe5 44. Bxe5 Ne6 45. Bd6 Kf7 46. Ke2
Ke8 47. Kd3 Kd7 48. Bb4 Ng5 49. Kc4 Ke6 50. Bd2 Ne4 51. Be3 Nd6+ 52. Kd4 Nb7
53. Bf4 Nc5 54. Bb8 a5 1/2-1/2